000 00282nam a22001217a 4500
008 170228b xxu||||| |||| 00| 0 eng d
041 _aeng
080 _a616.8 006
100 _a6
101 _aSHM
245 _aNATIONAL DIAGNOSTIC IMAGING SYMPOSIUM
_c LINVER.M.N
942 _2udc
_cBK
999 _c6389
_d6389